Normal view
MARC view
- Kamal, Erass
Entry Personal Name
001 - CONTROL NUMBER
- control field: 123069
003 - CONTROL NUMBER IDENTIFIER
- control field: NUST
005 - DATE AND TIME OF LATEST TRANSACTION
- control field: 20240529152541.0
008 - FIXED-LENGTH DATA ELEMENTS
- fixed length control field: 240529|| aca||aabn | a|a d
040 ## - CATALOGING SOURCE
- Original cataloging agency: NUST
- Transcribing agency: NUST
100 ## - HEADING--PERSONAL NAME
- Personal name: Kamal, Erass
670 ## - SOURCE DATA FOUND
- Source citation: Work cat.: (NUST): Kamal, Erass, Investigating the Parasocial Interactions Between Pakistani Youth and Anime /
